000 00553nam a2200181 a 4500
005 20140310183137.0
008 020821s19uu xx 00 eng d
020 _a9718940030
050 _aHD 31
_b.R696 1993
100 _aRodriquez, Rafael A.
245 _aFundamentals of management :
_btext and Philippine cases /
_cRafael A. Rodriguez.
260 _aMandaluyong, M.M. [i.e. Metro Manila] :
_bDiwata Pub.,
_c1993.
300 _axvi, 587 p. :
_bill. ;
_c23 cm.
521 _aBSBA
650 _amanagement
942 _cBK
_2lcc
_kLOC
999 _c19315
_d19315